000
00293nam a2200121Ia 4500
008
220204s9999 xx 000 0 und d
082
_a
6(038)
_b
UVA
100
_a
Chapman, D R
245
0
_a
Dictionary of science
260
_a
Great Britain
_b
ELBS
_c
1979
700
_a
Uvarov, E B
942
_c
BK
999
_c
36555
_d
36555